[Event "LLWestMV2014-15"]
[Site "?"]
[Date "2015.02.22"]
[Round "6.3"]
[White "Busz, Stephan"]
[Black "Meyer, Detlef"]
[Result "1/2-1/2"]
[WhiteElo "1887"]
[BlackElo "1808"]
[PlyCount "105"]
[EventType "team-tourn"]
[EventRounds "9"]
[SourceDate "2015.02.22"]
[WhiteTeam "SV Empor Kuehlungsborn"]
[BlackTeam "SG Eintracht Neubrandenburg II"]

1. d4 d5 2. Bf4 Bf5 3. e3 e6 4. Nf3 Bd6 5. Bg3 Bxg3 6. hxg3 Qd6 7. c3 Qb6 8.
Qb3 Qxb3 9. axb3 Bc2 10. b4 Bxb1 11. Rxb1 Nd7 12. Bd3 Ngf6 13. Ke2 Ke7 14. Ra1
c6 15. Ra3 h6 16. b5 cxb5 17. Bxb5 a6 18. Bd3 Rhc8 19. Nd2 e5 20. f3 exd4 21.
exd4 Rc6 22. Kf2 Rac8 23. Re1+ Kf8 24. Nf1 Rb6 25. Re2 Ne8 26. Ne3 Ndf6 27. Ra5
Rd8 28. Bb1 Nc7 29. Ba2 Rb5 30. Rxb5 Nxb5 31. Nf5 Nc7 32. g4 Ne6 33. Kg3 h5 34.
Re1 hxg4 35. Rh1 gxf3 36. Rh8+ Ng8 37. gxf3 b5 38. Bxd5 Rxd5 39. Rxg8+ Kxg8 40.
Ne7+ Kf8 41. Nxd5 Ke8 42. Kg4 Kd7 43. f4 a5 44. f5 Nc7 45. Nf4 Kd6 46. Nd3 Kd5
47. Ne5 f6 48. Nf7 b4 49. cxb4 axb4 50. Nd8 Ne8 51. Kh5 Kxd4 52. Kg6 Kc4 53.
Nc6 1/2-1/2

[Event "LLWestMV2014-15"]
[Site "?"]
[Date "2015.02.22"]
[Round "6.4"]
[White "Witkowski, Rainer"]
[Black "Gipp, Thomas"]
[Result "1-0"]
[WhiteElo "1806"]
[BlackElo "1859"]
[PlyCount "69"]
[EventType "team-tourn"]
[EventRounds "9"]
[SourceDate "2015.02.22"]
[WhiteTeam "SG Eintracht Neubrandenburg II"]
[BlackTeam "SV Empor Kuehlungsborn"]

1. e4 c5 2. Bc4 e6 3. Nf3 Be7 4. O-O d6 5. c3 Nf6 6. Re1 O-O 7. d4 cxd4 8. cxd4
a6 9. a4 b6 10. Nc3 Bb7 11. d5 e5 12. h3 Nbd7 13. Be3 Qc7 14. Nd2 h6 15. Rc1
Rfc8 16. Na2 Qd8 17. Nc3 Ne8 18. f4 exf4 19. Bxf4 Bg5 20. Qg4 Bxf4 21. Qxf4 Ne5
22. Be2 Nf6 23. Nf3 Nxf3+ 24. Bxf3 b5 25. Kh1 Qb6 26. a5 Qd8 27. Ne2 Kh7 28.
Nd4 g6 29. Nc6 Bxc6 30. dxc6 Kg7 31. Red1 Qxa5 32. Rxd6 Nh7 33. Rd7 Qa2 34. e5
Qe6 35. Bd5 1-0

[Event "LLWestMV2014-15"]
[Site "?"]
[Date "2015.02.22"]
[Round "6.5"]
[White "Pross, Benjamin"]
[Black "Leisner, Ekkehardt"]
[Result "1/2-1/2"]
[WhiteElo "1800"]
[BlackElo "1616"]
[PlyCount "105"]
[EventType "team-tourn"]
[EventRounds "9"]
[WhiteTeam "SV Empor Kuehlungsborn"]
[BlackTeam "SG Eintracht Neubrandenburg II"]

1. e4 c5 2. Nc3 Nc6 3. g3 e5 4. Bg2 g6 5. Nge2 Bg7 6. d3 d6 7. Be3 Nge7 8. Qd2
Nd4 9. h3 Be6 10. Nd1 O-O 11. c3 Nxe2 12. Qxe2 Qc7 13. c4 f5 14. f4 Rad8 15.
Nc3 Nc6 16. O-O Nd4 17. Bxd4 cxd4 18. Nd5 Qd7 19. Kh2 fxe4 20. Qxe4 Bf5 21. Qe2
Rde8 22. Qc2 Kh8 23. Rae1 Rc8 24. Rf2 b5 25. b3 bxc4 26. bxc4 Rc5 27. Qd2 Be6
28. Qe2 Rcc8 29. Ref1 Rce8 30. Qc2 Rf7 31. fxe5 Rxf2 32. Rxf2 dxe5 33. Nf6 Bxf6
34. Rxf6 Kg7 35. Rf1 h5 36. Rb1 Rc8 37. Qe2 Qd6 38. Re1 Rc5 39. Be4 Bf7 40. Bd5
Bxd5 41. Qxe5+ Qxe5 42. Rxe5 Kf6 43. Rxd5 Rxd5 44. cxd5 Ke5 45. Kg2 Kxd5 46.
Kf3 Ke5 47. h4 Kf5 48. Kf2 g5 49. hxg5 Kxg5 50. Kf3 Kf5 51. Kf2 Ke5 52. Kf3 Kf5
53. Kf2 1/2-1/2

[Event "LLWestMV2014-15"]
[Site "?"]
[Date "2015.02.22"]
[Round "6.7"]
[White "Prueter, Reinhard"]
[Black "Rehbein, Hans Juergen"]
[Result "1/2-1/2"]
[WhiteElo "1636"]
[BlackElo "1622"]
[PlyCount "103"]
[EventType "team-tourn"]
[EventRounds "9"]
[SourceDate "2015.02.22"]
[WhiteTeam "SV Empor Kuehlungsborn"]
[BlackTeam "SG Eintracht Neubrandenburg II"]

1. d4 Nf6 2. Nf3 g6 3. c4 Bg7 4. Nc3 d6 5. Bg5 Nbd7 6. e3 O-O 7. Bd3 c5 8. O-O
a6 9. Rc1 Re8 10. Bc2 cxd4 11. exd4 Nb6 12. b3 Bg4 13. h3 Bd7 14. Ne2 Qc7 15.
Ng3 Nc8 16. Re1 Qa5 17. Bb1 h6 18. Bd2 Qb6 19. Be3 Qb4 20. Bd2 Qb6 21. Re2 e6
22. Qe1 Ne7 23. Ba5 Qa7 24. Bc7 Nc6 25. Bxd6 Nxd4 26. Nxd4 Qxd4 27. Rd1 Qa7 28.
Be5 Bc6 29. Red2 Qc5 30. Bd4 Qa5 31. Qe3 Qg5 32. Qxg5 hxg5 33. Bb6 Kh7 34. f3
Kh6 35. Be3 Nh7 36. Kf2 f5 37. Ne2 Bf6 38. h4 Kg7 39. hxg5 Nxg5 40. Nd4 Bxd4
41. Bxd4+ e5 42. Bb2 Nf7 43. c5 Rh8 44. Bd3 Kf6 45. Bc4 Rae8 46. f4 Rh4 47.
fxe5+ Nxe5 48. Rd6+ Kg5 49. Bxe5 Rxe5 50. R1d3 Rf4+ 51. Rf3 Bxf3 52. gxf3
1/2-1/2

[Event "LLWestMV2014-15"]
[Site "?"]
[Date "2015.02.22"]
[Round "6.8"]
[White "Sonnenberg, Uwe"]
[Black "Silwedel, Bjoern"]
[Result "1/2-1/2"]
[WhiteElo "1592"]
[BlackElo "1486"]
[PlyCount "66"]
[EventType "team-tourn"]
[EventRounds "9"]
[SourceDate "2015.02.22"]
[WhiteTeam "SG Eintracht Neubrandenburg II"]
[BlackTeam "SV Empor Kuehlungsborn"]

1. c4 Nf6 2. d4 e6 3. Nc3 d5 4. e3 Nbd7 5. Nf3 b6 6. cxd5 exd5 7. Bb5 Bb7 8.
Ne5 a6 9. Bc6 Bxc6 10. Nxc6 Qc8 11. Qb3 Qb7 12. Nb4 c6 13. O-O Bd6 14. Nd3 O-O
15. h3 Rfe8 16. Bd2 Nf8 17. Na4 Rab8 18. Rac1 Ne4 19. Be1 Qc7 20. Nb4 Bxb4 21.
Bxb4 a5 22. Be1 Qb7 23. f3 Nd6 24. Bg3 Re6 25. Rfe1 Nd7 26. Qd3 Rbe8 27. b3 g6
28. Nc3 Nf6 29. Be5 Nf5 30. Rc2 Nd7 31. Bf4 Ng7 32. Rce2 Nh5 33. Bh2 f5 1/2-1/2

[Event "LLWestMV2014-15"]
[Site "?"]
[Date "2015.03.15"]
[Round "7.1"]
[White "Stadler, Bertino"]
[Black "Montag, Ralf"]
[Result "1/2-1/2"]
[WhiteElo "1675"]
[BlackElo "1937"]
[PlyCount "28"]
[EventType "team-tourn"]
[EventRounds "9"]
[WhiteTeam "SV Empor Kuehlungsborn"]
[BlackTeam "Volley-Tigers Ludwigslust 2000"]

1. e4 c5 2. Nf3 Nc6 3. d4 cxd4 4. Nxd4 g6 5. Nxc6 bxc6 6. Bd3 Bg7 7. O-O Nf6 8.
c3 d5 9. exd5 cxd5 10. h3 O-O 11. Re1 Qd6 12. b3 e5 13. Ba3 Qc7 14. Bxf8 Bxf8
1/2-1/2

[Event "LLWestMV2014-15"]
[Site "?"]
[Date "2015.03.15"]
[Round "7.2"]
[White "Wiemer, Juergen"]
[Black "Kornblum, Harry"]
[Result "1-0"]
[WhiteElo "1916"]
[BlackElo "1870"]
[PlyCount "63"]
[EventType "team-tourn"]
[EventRounds "9"]
[WhiteTeam "Volley-Tigers Ludwigslust 2000"]
[BlackTeam "SV Empor Kuehlungsborn"]
[TimeControl "240+2"]

{256MB} 1. e4 c5 2. c3 e6 3. d4 Nf6 4. e5 Nd5 5. Nf3 cxd4 6. cxd4 Nc6 7. Nc3
Nxc3 8. bxc3 d6 9. Bf4 Be7 10. Qa4 O-O 11. Bb5 Qc7 12. exd6 Bxd6 13. Bxd6 Qxd6
14. Bxc6 bxc6 15. O-O a5 16. Rfb1 Qc7 17. Ne5 c5 18. Qc4 Ba6 19. Qxc5 Qxc5 20.
dxc5 Rfc8 21. Nd7 Ra7 22. Rb6 f6 23. c6 Bc4 24. Rb7 Ra6 25. Nb6 Rxc6 26. Nxc4
Rxc4 27. Rd1 h6 28. Rdd7 Rg4 29. f3 Rg6 30. Rd8+ Kh7 31. h4 f5 32. Rbb8 1-0

[Event "LLWestMV2014-15"]
[Site "?"]
[Date "2015.03.15"]
[Round "7.3"]
[White "Busz, Stephan"]
[Black "Illgen, Alexander"]
[Result "0-1"]
[WhiteElo "1887"]
[BlackElo "1898"]
[PlyCount "30"]
[EventType "team-tourn"]
[EventRounds "9"]
[WhiteTeam "SV Empor Kuehlungsborn"]
[BlackTeam "Volley-Tigers Ludwigslust 2000"]
[TimeControl "240+2"]

{256MB} 1. Nf3 Nf6 2. d4 g6 3. g3 Bg7 4. Bg2 d6 5. O-O O-O 6. Bg5 Ne4 7. Bf4
Nd7 8. Ne1 d5 9. f3 Nef6 10. e4 Nb6 11. Nc3 Nh5 12. Be3 Nc4 13. Nxd5 e6 14. b3
Nxe3 15. Nxe3 Qxd4 0-1

[Event "LLWestMV2014-15"]
[Site "?"]
[Date "2015.03.15"]
[Round "7.4"]
[White "Krueger, Horst"]
[Black "Gipp, Thomas"]
[Result "1-0"]
[WhiteElo "1897"]
[BlackElo "1859"]
[PlyCount "58"]
[EventType "team-tourn"]
[EventRounds "9"]
[WhiteTeam "Volley-Tigers Ludwigslust 2000"]
[BlackTeam "SV Empor Kuehlungsborn"]
[TimeControl "240+2"]

{256MB} 1. d4 Nf6 2. c4 g6 3. Nc3 Bg7 4. e4 d6 5. f3 O-O 6. Nge2 Nc6 7. Be3 e5
8. d5 Ne7 9. Qd2 Ne8 10. g4 f5 11. gxf5 gxf5 12. Bh6 Ng6 13. Bg5 Bf6 14. Rg1 f4
15. h4 Ng7 16. O-O-O Nxh4 17. Bxh4 Bxh4 18. Rh1 a6 19. Bh3 Qf6 20. Kb1 Nh5 21.
Rdg1+ Kh8 22. Bxc8 Bf2 23. Rxh5 Bxg1 24. Bf5 Be3 25. Rxh7+ Kg8 26. Qe1 Qg5 27.
Qh1 Rxf5 28. Rh8+ Kf7 29. Qh7+ Qg7 1-0

[Event "LLWestMV2014-15"]
[Site "?"]
[Date "2015.03.15"]
[Round "7.5"]
[White "Pross, Benjamin"]
[Black "Hilpert, Andreas"]
[Result "0-1"]
[WhiteElo "1800"]
[BlackElo "1835"]
[PlyCount "106"]
[EventType "team-tourn"]
[EventRounds "9"]
[WhiteTeam "SV Empor Kuehlungsborn"]
[BlackTeam "Volley-Tigers Ludwigslust 2000"]
[TimeControl "240+2"]

{256MB} 1. e4 e5 2. Bc4 Nc6 3. Nf3 Be7 4. O-O d6 5. h3 g5 6. c3 h5 7. Kh2 g4 8.
Ng1 Nf6 9. d3 Na5 10. Bb3 Nxb3 11. axb3 Be6 12. c4 Qd7 13. h4 c6 14. g3 d5 15.
exd5 cxd5 16. Nc3 d4 17. Na4 Qc7 18. Bg5 Ng8 19. Bxe7 Nxe7 20. b4 b6 21. Ne2
Ng6 22. Qd2 Rd8 23. b5 Qe7 24. Qg5 Qxg5 25. hxg5 h4 26. Kg1 e4 27. c5 exd3 28.
Nf4 Nxf4 29. gxf4 Bd5 30. cxb6 axb6 31. Nxb6 Bf3 32. Nc4 O-O 33. b6 Rb8 34.
Rfd1 Bxd1 35. Rxd1 Rfc8 36. b3 Re8 37. Rxd3 Re4 38. f5 Rf4 39. f6 Ra8 40. b7
Rb8 41. Nd6 Kh7 42. b4 Kg6 43. Ra3 d3 44. Rxd3 Rxb4 45. Rc3 R4xb7 46. Nxb7 Rxb7
47. Rc5 Rb8 48. Kg2 Rh8 49. Ra5 Rh5 50. f4 Rh8 51. Ra7 h3+ 52. Kg3 h2 53. Kxg4
Rh4+ 0-1

[Event "LLWestMV2014-15"]
[Site "?"]
[Date "2015.03.15"]
[Round "7.7"]
[White "Prueter, Reinhard"]
[Black "Mitscherling, Reinhard"]
[Result "0-1"]
[WhiteElo "1636"]
[BlackElo "1791"]
[PlyCount "100"]
[EventType "team-tourn"]
[EventRounds "9"]
[WhiteTeam "SV Empor Kuehlungsborn"]
[BlackTeam "Volley-Tigers Ludwigslust 2000"]
[TimeControl "240+2"]

{256MB} 1. d4 f5 2. g3 Nf6 3. Bg2 d5 4. c4 e6 5. Nc3 Be7 6. Bg5 c6 7. cxd5 cxd5
8. Nf3 Nc6 9. e3 O-O 10. O-O Bd7 11. a3 a6 12. Re1 h6 13. Bxf6 Bxf6 14. Nd2 Be8
15. Rc1 Rc8 16. Bf1 Na5 17. b4 Nc4 18. Nxc4 dxc4 19. Na4 Bxa4 20. Qxa4 Qd6 21.
b5 axb5 22. Qxb5 c3 23. a4 Qc6 24. Qb3 Kh8 25. Rc2 e5 26. d5 Qc7 27. Rb1 Rfd8
28. e4 fxe4 29. Bh3 Rb8 30. Rxc3 Qd6 31. Be6 Bg5 32. Rc4 Rf8 33. Rxe4 Qc5 34.
Qb6 Qc2 35. Rbe1 Bd8 36. Qe3 b5 37. Qe2 Qc3 38. Re3 Qc5 39. axb5 Bb6 40. Kg2
Rf6 41. Kh3 Rbf8 42. Rxe5 Rxf2 43. Qh5 Qxb5 44. Rf5 Qb2 45. Rxf8+ Rxf8 46. Bf5
Qf2 47. Re8 Qf1+ 48. Kg4 Qd1+ 49. Kf4 Bc7+ 50. Ke4 Qe1+ 0-1

[Event "LLWestMV2014-15"]
[Site "?"]
[Date "2015.03.15"]
[Round "7.8"]
[White "Emmrich, Olaf"]
[Black "Behnke, Thomas"]
[Result "1-0"]
[WhiteElo "1785"]
[BlackElo "1555"]
[PlyCount "46"]
[EventType "team-tourn"]
[EventRounds "9"]
[WhiteTeam "Volley-Tigers Ludwigslust 2000"]
[BlackTeam "SV Empor Kuehlungsborn"]
[TimeControl "240+2"]

{256MB} 1. e4 e6 2. d4 d5 3. exd5 exd5 4. Bd3 Bd6 5. Nf3 Bg4 6. O-O Ne7 7. Re1
Nd7 8. Nbd2 O-O 9. Bxh7+ Kxh7 10. Ng5+ Kg8 11. Qxg4 Nf6 12. Qh3 Ng6 13. Ndf3
Re8 14. Bd2 Nf8 15. Ne5 Bxe5 16. dxe5 Ne4 17. Nxe4 dxe4 18. Bc3 Ng6 19. Rxe4
Qd5 20. Rae1 Rad8 21. Qe3 Nf8 22. Qg3 Ne6 23. h3 Qxa2 1-0

[Event "LLWestMV2014-15"]
[Site "?"]
[Date "2015.03.15"]
[Round "7.1"]
[White "Dupke, Andreas"]
[Black "Schreiber, Felix"]
[Result "1/2-1/2"]
[WhiteElo "1772"]
[BlackElo "1809"]
[PlyCount "85"]
[EventType "team-tourn"]
[EventRounds "9"]
[WhiteTeam "SG Eintracht Neubrandenburg II"]
[BlackTeam "SC Mecklenburger Springer"]

1. e4 c5 2. Nc3 e6 3. g3 g6 4. Bg2 Bg7 5. d3 Nc6 6. Nge2 a6 7. Be3 Nd4 8. O-O
Ne7 9. Qd2 O-O 10. f4 d6 11. Nd1 Rb8 12. c3 Nxe2+ 13. Qxe2 Nc6 14. a4 Qe7 15.
Nf2 Bd7 16. g4 f5 17. Rfe1 fxg4 18. Nxg4 e5 19. fxe5 Bxg4 20. Qxg4 Nxe5 21. Qe2
Qh4 22. Bf2 Qxf2+ 23. Qxf2 Rxf2 24. Kxf2 Nxd3+ 25. Ke2 Nxe1 26. Rxe1 Be5 27. h3
b5 28. Kd3 b4 29. Kc2 a5 30. Bf1 Rf8 31. Bc4+ Kg7 32. cxb4 cxb4 33. Rf1 Rxf1
34. Bxf1 Kf6 35. b3 Kg5 36. Kd3 Kf4 37. Kc4 Kxe4 38. Bg2+ Ke3 39. Kb5 d5 40.
Bxd5 Bc7 41. Kc6 Bd8 42. Kd7 Bh4 43. Bg8 1/2-1/2

[Event "LLWestMV2014-15"]
[Site "?"]
[Date "2015.03.15"]
[Round "7.3"]
[White "Meyer, Detlef"]
[Black "Konrad, Andreas"]
[Result "1-0"]
[WhiteElo "1806"]
[BlackElo "1734"]
[PlyCount "69"]
[EventType "team-tourn"]
[EventRounds "9"]
[WhiteTeam "SG Eintracht Neubrandenburg II"]
[BlackTeam "SC Mecklenburger Springer"]

1. e4 c6 2. d4 d5 3. Nc3 dxe4 4. Nxe4 Bf5 5. Ng3 Bg6 6. Nf3 Nd7 7. Bd3 Bxd3 8.
Qxd3 Ngf6 9. O-O Qc7 10. Re1 e6 11. Ne5 Nxe5 12. dxe5 Nd7 13. Qe4 O-O-O 14. Bg5
Re8 15. Rad1 h6 16. Bd2 f5 17. exf6 Nxf6 18. Qc4 Nd5 19. Qg4 Qf7 20. Qe4 b6 21.
Qa4 Kb7 22. c4 Nf6 23. b4 Bd6 24. Qb3 Ng4 25. Re2 h5 26. h3 Nf6 27. Bg5 h4 28.
Bxh4 Rxh4 29. Rxd6 g5 30. b5 cxb5 31. Qf3+ Kb8 32. Red2 Rxc4 33. Rd7 Rc1+ 34.
Kh2 Ng4+ 35. Qxg4 1-0

[Event "LLWestMV2014-15"]
[Site "?"]
[Date "2015.03.15"]
[Round "7.4"]
[White "Schreiber, Nico"]
[Black "Witkowski, Rainer"]
[Result "0-1"]
[WhiteElo "1706"]
[BlackElo "1806"]
[PlyCount "40"]
[EventType "team-tourn"]
[EventRounds "9"]
[WhiteTeam "SC Mecklenburger Springer"]
[BlackTeam "SG Eintracht Neubrandenburg II"]

1. d4 e6 2. Bf4 d5 3. e3 Bd6 4. Bg3 h5 5. Nf3 h4 6. Be5 f6 7. Bxd6 Qxd6 8. c3
Nc6 9. Bd3 Nge7 10. Qc2 e5 11. e4 exd4 12. exd5 Qxd5 13. Bg6+ Nxg6 14. Qxg6+
Kf8 15. Qd3 Bf5 16. Qd1 Qb5 17. Qd2 Re8+ 18. Kd1 h3 19. Na3 hxg2 20. Rg1 Qf1+
0-1

[Event "LLWestMV2014-15"]
[Site "?"]
[Date "2015.03.15"]
[Round "7.5"]
[White "Leisner, Ekkehardt"]
[Black "Goldbach, Aaron"]
[Result "0-1"]
[WhiteElo "1616"]
[BlackElo "1696"]
[PlyCount "90"]
[EventType "team-tourn"]
[EventRounds "9"]
[WhiteTeam "SG Eintracht Neubrandenburg II"]
[BlackTeam "SC Mecklenburger Springer"]

1. c4 Nf6 2. Nc3 e6 3. e4 d6 4. g3 Be7 5. Bg2 O-O 6. Nge2 c5 7. O-O Nc6 8. d4
cxd4 9. Nxd4 Nxd4 10. Qxd4 a6 11. h3 Qc7 12. b3 Rd8 13. Be3 Bd7 14. Rfd1 Bc6
15. Rd2 Rac8 16. Rc1 Nd7 17. Qd3 b5 18. cxb5 Bxb5 19. Qc2 Qa5 20. a4 Bf6 21.
Bd4 Bc6 22. Qb2 Bxd4 23. Rxd4 Nf6 24. Rcd1 Be8 25. Ne2 Qb6 26. Qa3 Rc2 27. Rxd6
Rxd6 28. Rxd6 Qa5 29. Kf1 Bb5 30. axb5 Qxa3 31. Rd8+ Qf8 32. Rxf8+ Kxf8 33.
bxa6 Ra2 34. e5 Ra1+ 35. Nc1 Rxc1+ 36. Ke2 Nd5 37. Kd2 Ra1 38. Bxd5 exd5 39.
Kd3 Ke7 40. Kd4 Ke6 41. f4 Rxa6 42. g4 g6 43. Kc5 Ra1 44. b4 Rc1+ 45. Kb6 d4
0-1

[Event "LLWestMV2014-15"]
[Site "?"]
[Date "2015.03.15"]
[Round "7.6"]
[White "Hopp, Peter"]
[Black "Sommer, Hans-Hermann"]
[Result "1-0"]
[WhiteElo "1629"]
[BlackElo "1654"]
[PlyCount "95"]
[EventType "team-tourn"]
[EventRounds "9"]
[WhiteTeam "SC Mecklenburger Springer"]
[BlackTeam "SG Eintracht Neubrandenburg II"]

1. e4 e5 2. Nf3 Nc6 3. Bc4 Nf6 4. Ng5 d5 5. exd5 Nd4 6. Nc3 Bd6 7. d3 h6 8.
Nge4 O-O 9. Nxd6 Qxd6 10. Ne4 Nxe4 11. dxe4 Qb4+ 12. c3 Qxc4 13. cxd4 exd4 14.
Bf4 d3 15. f3 g5 16. Be5 Re8 17. Rc1 Qb5 18. Bd4 b6 19. h4 g4 20. Qd2 Kh7 21.
Rc6 Be6 22. O-O g3 23. Rxc7 Rac8 24. Rfc1 Rxc7 25. Rxc7 Rc8 26. Rxc8 Bxc8 27.
Qf4 Qe8 28. Qxg3 Qg8 29. Qxg8+ Kxg8 30. Kf2 Kf8 31. Ke3 Ba6 32. a4 Ke7 33. b4
Bc4 34. g4 f6 35. Kd2 Bb3 36. a5 bxa5 37. bxa5 a6 38. Kxd3 Ba4 39. Be3 Bd1 40.
Bxh6 Bxf3 41. g5 Bh5 42. gxf6+ Kxf6 43. Kd4 Ke7 44. Bg5+ Kd7 45. Kc5 Bg4 46. e5
Kc7 47. e6 Bh5 48. d6+ 1-0

[Event "LLWestMV2014-15"]
[Site "?"]
[Date "2015.03.15"]
[Round "7.7"]
[White "Rehbein, Hans Juergen"]
[Black "Kumbernuss, Torsten"]
[Result "1-0"]
[WhiteElo "1622"]
[BlackElo "1575"]
[PlyCount "75"]
[EventType "team-tourn"]
[EventRounds "9"]
[WhiteTeam "SG Eintracht Neubrandenburg II"]
[BlackTeam "SC Mecklenburger Springer"]

1. Nf3 Nf6 2. b3 Nc6 3. Bb2 e6 4. g3 d5 5. e3 g6 6. Bg2 Bg7 7. d3 O-O 8. Nbd2
Nd7 9. Bxg7 Kxg7 10. O-O Nce5 11. d4 Nxf3+ 12. Nxf3 c6 13. c4 b6 14. cxd5 cxd5
15. Qd3 a5 16. Rfc1 Ba6 17. Qd2 Rc8 18. Bf1 Rxc1 19. Rxc1 Bxf1 20. Kxf1 Qa8 21.
Rc7 Nf6 22. Qc2 Ne4 23. Ne5 b5 24. Re7 Qa6 25. Qc7 b4+ 26. Kg2 Qd6 27. Qa7 Nc3
28. Nxf7 Qxe7 29. Qxe7 Rxf7 30. Qxe6 Nxa2 31. Qxd5 Nc1 32. Qxa5 Nd3 33. f4 Re7
34. Kf3 Ne1+ 35. Ke2 Nc2 36. Kd2 Nxe3 37. Qxb4 Nd5 38. Qd6 1-0

[Event "LLWestMV2014-15"]
[Site "?"]
[Date "2015.03.15"]
[Round "7.8"]
[White "Neumann, Ralf"]
[Black "Hörhold, Martin"]
[Result "1/2-1/2"]
[WhiteElo "1505"]
[BlackElo "1572"]
[PlyCount "51"]
[EventType "team-tourn"]
[EventRounds "9"]
[WhiteTeam "SC Mecklenburger Springer"]
[BlackTeam "SG Eintracht Neubrandenburg II"]

1. f4 Nf6 2. Nf3 g6 3. e3 Bg7 4. Be2 d6 5. d4 O-O 6. O-O c5 7. dxc5 dxc5 8.
Qxd8 Rxd8 9. Rd1 Rxd1+ 10. Bxd1 Nd5 11. Kf2 Nc6 12. c3 e5 13. Nbd2 exf4 14.
exf4 Nxf4 15. Ne4 Nd3+ 16. Ke2 c4 17. Ba4 Bd7 18. Nd6 Nd4+ 19. cxd4 Bxa4 20.
Nxc4 Nxc1+ 21. Rxc1 Re8+ 22. Kd3 Bc6 23. Re1 Rd8 24. Nce5 Bb5+ 25. Nc4 Bc6 26.
Nce5 1/2-1/2

[Event "LLWestMV2014-15"]
[Site "?"]
[Date "2015.03.15"]
[Round "7.7"]
[White "Brockmann, Knut"]
[Black "Wendt, Uwe"]
[Result "1/2-1/2"]
[WhiteElo "1153"]
[BlackElo "1642"]
[PlyCount "28"]
[EventType "team-tourn"]
[EventRounds "9"]
[WhiteTeam "ASV GW Wismar II"]
[BlackTeam "SV Malchower Schachinsel"]

1. d4 Nf6 2. c4 e6 3. Nc3 c6 4. Bf4 d5 5. e3 Be7 6. Bd3 dxc4 7. Bxc4 O-O 8. a3
a6 9. Nf3 Nd5 10. Bg3 Nxc3 11. bxc3 b5 12. Bd3 Bb7 13. O-O Nd7 14. Qc2 g6
1/2-1/2

[Event "LLWestMV2014-15"]
[Site "?"]
[Date "2015.03.15"]
[Round "7.1"]
[White "Graffenberger, Martin"]
[Black "Martens, Rolf-Dieter"]
[Result "1-0"]
[WhiteElo "1871"]
[BlackElo "1865"]
[PlyCount "139"]
[EventType "team-tourn"]
[EventRounds "9"]
[WhiteTeam "VfL Blau Weisz Neukloster"]
[BlackTeam "SV Einheit Schwerin"]

1. e4 c5 2. Nf3 d6 3. d4 cxd4 4. Qxd4 Bd7 5. c3 Nc6 6. Qd3 Nf6 7. Be2 e6 8. O-O
h6 9. Bf4 e5 10. Be3 Be7 11. Na3 a6 12. Nc4 Be6 13. Nb6 Rb8 14. c4 Ng4 15. Nd5
Nxe3 16. Nxe3 O-O 17. Rfd1 Re8 18. a3 Bf8 19. Rac1 Rc8 20. Qb3 b5 21. Nd5 Na5
22. Qa2 Bxd5 23. Rxd5 Qb6 24. b4 Nxc4 25. Bxc4 bxc4 26. Rxc4 Rc6 27. Rd3 Rec8
28. Rdc3 Qb5 29. Nd2 Rxc4 30. Rxc4 Rxc4 31. Qxc4 Qa4 32. Qb3 Qc6 33. Qd3 Qc1+
34. Nf1 Qc6 35. h3 Be7 36. g3 Bd8 37. Ne3 Bc7 38. Nd5 Bd8 39. Kg2 Kf8 40. Qb3
Bb6 41. Nxb6 Qxb6 42. Qd3 Ke7 43. Qc3 Qb7 44. Qc4 f5 45. Qd5 Qd7 46. exf5 Qxf5
47. Qb7+ Kf8 48. Qxa6 Qe4+ 49. Kh2 Qd4 50. Qe2 e4 51. Qe3 Qd3 52. Kg2 Qb1 53.
b5 Qxb5 54. Qxe4 Qc5 55. Qf4+ Kg8 56. Qe3 Qc6+ 57. Qf3 d5 58. a4 Qc5 59. Qf5
Qc6 60. Qf3 Qc5 61. Qb3 Kh7 62. Qb5 Qd4 63. Qb1+ Kh8 64. a5 Qc5 65. Qb6 Qc4 66.
Qe6 Qc5 67. a6 d4 68. Qe4 Qa5 69. Qa8+ Kh7 70. a7 1-0

[Event "LLWestMV2014-15"]
[Site "?"]
[Date "2015.03.15"]
[Round "7.2"]
[White "Krieg, Peter"]
[Black "Skriwanek, Arne"]
[Result "0-1"]
[WhiteElo "1713"]
[BlackElo "1762"]
[PlyCount "64"]
[EventType "team-tourn"]
[EventRounds "9"]
[WhiteTeam "SV Einheit Schwerin"]
[BlackTeam "VfL Blau Weisz Neukloster"]

1. e4 c6 2. g3 d5 3. Bg2 dxe4 4. Bxe4 Nf6 5. Nc3 Nxe4 6. Nxe4 Bf5 7. Qf3 Bxe4
8. Qxe4 Qd5 9. Qxd5 cxd5 10. d4 Nc6 11. c3 e6 12. Ne2 Bd6 13. Bf4 Be7 14. O-O
f6 15. Rfe1 Kf7 16. Bd2 Bd6 17. Nf4 Bxf4 18. Bxf4 Rhe8 19. Rad1 Rad8 20. Bc1 e5
21. dxe5 fxe5 22. Bg5 Rd7 23. f3 b5 24. Be3 Re6 25. Rd2 d4 26. Red1 Red6 27. f4
d3 28. fxe5 Nxe5 29. Rf1+ Rf6 30. Rxf6+ gxf6 31. Kg2 Nc4 32. Rd1 Nxb2 0-1

[Event "LLWestMV2014-15"]
[Site "?"]
[Date "2015.03.15"]
[Round "7.3"]
[White "Post, Ingo"]
[Black "Fleischer, Martin"]
[Result "1-0"]
[WhiteElo "1545"]
[BlackElo "1655"]
[PlyCount "91"]
[EventType "team-tourn"]
[EventRounds "9"]
[WhiteTeam "VfL Blau Weisz Neukloster"]
[BlackTeam "SV Einheit Schwerin"]

1. d4 Nf6 2. c4 e6 3. Bg5 Be7 4. Nc3 d5 5. c5 O-O 6. e3 Nbd7 7. Nf3 c6 8. Bd3
Re8 9. b4 b6 10. O-O h6 11. Bh4 a5 12. a3 b5 13. h3 g6 14. Qc2 Kg7 15. Bg3 Nh5
16. Be5+ Nhf6 17. Ne2 Rg8 18. g4 Kf8 19. Kh2 Nh7 20. Bf4 Ng5 21. Nxg5 hxg5 22.
Bg3 Kg7 23. e4 Rh8 24. e5 Rh6 25. f4 Qh8 26. Ng1 f5 27. fxg5 Bxg5 28. gxf5 Nf8
29. f6+ Kf7 30. Qg2 Bh4 31. Bf4 Rh5 32. Be2 Rh7 33. Nf3 Ke8 34. Bd3 Raa7 35.
Bxg6+ Nxg6 36. Qxg6+ Kd8 37. Bg5 Bxg5 38. Nxg5 Rh6 39. Qd3 Ke8 40. Rg1 Kf8 41.
Raf1 axb4 42. axb4 Ra2+ 43. Kh1 Rh4 44. f7 Re4 45. Nxe4 dxe4 46. Rg8+ 1-0

[Event "LLWestMV2014-15"]
[Site "?"]
[Date "2015.03.15"]
[Round "7.4"]
[White "Thiel, Bernd-Peter"]
[Black "Freitag, Werner"]
[Result "1/2-1/2"]
[WhiteElo "1636"]
[BlackElo "1709"]
[PlyCount "35"]
[EventType "team-tourn"]
[EventRounds "9"]
[WhiteTeam "SV Einheit Schwerin"]
[BlackTeam "VfL Blau Weisz Neukloster"]

1. f4 d5 2. Nf3 c5 3. e3 e6 4. b3 Nf6 5. Bb2 Be7 6. Be2 Nc6 7. Bb5 Bd7 8. Bxc6
Bxc6 9. O-O O-O 10. d3 Nd7 11. Nbd2 f5 12. Ne5 Nxe5 13. Bxe5 Bf6 14. Nf3 Rc8
15. Bxf6 Qxf6 16. Ne5 Be8 17. Qe2 Rc7 18. Rac1 1/2-1/2

[Event "LLWestMV2014-15"]
[Site "?"]
[Date "2015.03.15"]
[Round "7.5"]
[White "Schawaller, Norbert"]
[Black "Moews, Harald"]
[Result "1/2-1/2"]
[WhiteElo "1473"]
[BlackElo "1550"]
[PlyCount "142"]
[EventType "team-tourn"]
[EventRounds "9"]
[WhiteTeam "VfL Blau Weisz Neukloster"]
[BlackTeam "SV Einheit Schwerin"]

1. e4 e6 2. Nc3 a6 3. Nf3 Be7 4. Bc4 c5 5. a4 Nc6 6. d3 d6 7. O-O Nf6 8. d4
cxd4 9. Nxd4 Nxd4 10. Qxd4 Qc7 11. Re1 e5 12. Qd3 O-O 13. Nd5 Nxd5 14. Bxd5 Bg4
15. c3 Rab8 16. Qg3 Qd7 17. h3 Be6 18. Bh6 Bf6 19. c4 b5 20. axb5 axb5 21. b3
Kh8 22. Be3 Bxd5 23. cxd5 b4 24. Rec1 Bd8 25. Rc6 f5 26. exf5 Qxf5 27. Rxd6 Bf6
28. Bc5 e4 29. Ra4 Be5 30. Qe3 Bxd6 31. Bxd6 Qxd5 32. Bxf8 Rxf8 33. g3 Rb8 34.
Ra1 h6 35. Rc1 Ra8 36. Rc4 Ra1+ 37. Kg2 Qd3 38. Qxe4 Qf1+ 39. Kf3 Qh1+ 40. Kg4
Qd1+ 41. f3 Qd7+ 42. Qf5 Qxf5+ 43. Kxf5 Rd1 44. Rxb4 Kh7 45. h4 g6+ 46. Kg4 h5+
47. Kf4 Rd7 48. Rb6 Rf7+ 49. Ke3 Re7+ 50. Kf2 Rc7 51. b4 Rc2+ 52. Ke3 Rc3+ 53.
Kf4 Kh6 54. b5 Rc4+ 55. Ke3 Rc3+ 56. Ke4 Rc4+ 57. Kd3 Rc1 58. Rc6 Rg1 59. b6
Rxg3 60. Ke4 Rg1 61. b7 Rb1 62. Rc7 Rb4+ 63. Kd5 g5 64. hxg5+ Kxg5 65. Kc6 h4
66. Kd7 Kf4 67. Kc8 Kxf3 68. b8=Q Rxb8+ 69. Kxb8 h3 70. Rh7 Kg2 71. Rg7+ Kf2
1/2-1/2